Encyclopaedia of English literature, Vol. : 1-10 / (Record no. 1093)

MARC details
000 -LEADER
fixed length control field 00688nam a2200217 a 4500
003 - CONTROL NUMBER IDENTIFIER
control field BD-DhJNU
005 - DATE AND TIME OF LATEST TRANSACTION
control field 20250115051639.0
008 - FIXED-LENGTH DATA ELEMENTS--GENERAL INFORMATION
fixed length control field 250114s2009 bg a rb f100 0 eng
020 ## - INTERNATIONAL STANDARD BOOK NUMBER
International Standard Book Number 9788131102015
040 ## - CATALOGING SOURCE
Original cataloging agency BD-DhJNU
Language of cataloging ENG
Transcribing agency BD-DhJNU
Modifying agency BD-DhJNU
082 00 - DEWEY DECIMAL CLASSIFICATION NUMBER
Classification number 820 DAE
Edition number 23
100 1# - MAIN ENTRY--PERSONAL NAME
Personal name Das, Krishan
245 10 - TITLE STATEMENT
Title Encyclopaedia of English literature, Vol. : 1-10 /
Statement of responsibility, etc. Krishan Das and Deepchand Patra
260 ## - PUBLICATION, DISTRIBUTION, ETC.
Place of publication, distribution, etc. New Delhi :
Name of publisher, distributor, etc. Crescent Publishing Corporation,
Date of publication, distribution, etc. 2009.
300 ## - PHYSICAL DESCRIPTION
Extent v, 277 p. ;
Dimensions 23 cm.
490 ## - SERIES STATEMENT
Volume/sequential designation Vol. : 1-10
504 ## - BIBLIOGRAPHY, ETC. NOTE
Bibliography, etc. note Includes bibliographical references and index.
650 #0 - SUBJECT ADDED ENTRY--TOPICAL TERM
Topical term or geographic name entry element English literature
650 #0 - SUBJECT ADDED ENTRY--TOPICAL TERM
Topical term or geographic name entry element Encyclopedias
700 1# - ADDED ENTRY--PERSONAL NAME
Personal name Patra, Deepchand
Holdings
Withdrawn status Lost status Source of classification or shelving scheme Damaged status Not for loan Collection Home library Current library Shelving location Date acquired Source of acquisition Total checkouts Full call number Barcode Date last seen Copy number Price effective from Koha item type
    Dewey Decimal Classification     Reference Jagannath University Central Library Jagannath University Central Library Reference 01/15/2025 Donation   820 DAE JNUCL20653R 01/15/2025 1 01/15/2025 Reference
    Dewey Decimal Classification     Reference Jagannath University Central Library Jagannath University Central Library Reference 01/15/2025 Donation   820 DAE JNUCL20654R 01/15/2025 2 01/15/2025 Reference
    Dewey Decimal Classification     Reference Jagannath University Central Library Jagannath University Central Library Reference 01/15/2025 Donation   820 DAE JNUCL20655R 01/15/2025 3 01/15/2025 Reference
    Dewey Decimal Classification     Reference Jagannath University Central Library Jagannath University Central Library Reference 01/15/2025 Donation   820 DAE JNUCL20656R 01/15/2025 4 01/15/2025 Reference
    Dewey Decimal Classification     Reference Jagannath University Central Library Jagannath University Central Library Reference 01/15/2025 Donation   820 DAE JNUCL20657R 01/15/2025 5 01/15/2025 Reference
    Dewey Decimal Classification     Reference Jagannath University Central Library Jagannath University Central Library Reference 01/15/2025 Donation   820 DAE JNUCL20658R 01/15/2025 6 01/15/2025 Reference
    Dewey Decimal Classification     Reference Jagannath University Central Library Jagannath University Central Library Reference 01/15/2025 Donation   820 DAE JNUCL20659R 01/15/2025 7 01/15/2025 Reference
    Dewey Decimal Classification     Reference Jagannath University Central Library Jagannath University Central Library Reference 01/15/2025 Donation   820 DAE JNUCL20660R 01/15/2025 8 01/15/2025 Reference
    Dewey Decimal Classification     Reference Jagannath University Central Library Jagannath University Central Library Reference 01/15/2025 Donation   820 DAE JNUCL20661R 01/15/2025 9 01/15/2025 Reference
    Dewey Decimal Classification     Reference Jagannath University Central Library Jagannath University Central Library Reference 01/15/2025 Donation   820 DAE JNUCL20662R 01/15/2025 10 01/15/2025 Reference